such mit mir - Levin Liam (lyrics) - Statistiken

Allgemein
  • Dieses Quiz wurde 4 mal gespielt
  • Das Durchschnittsergebnis liegt bei 227 aus 338
Antwortstatistiken
Hint Antwort % Korrekt
bin
100%
du
100%
du,
100%
ich
100%
so
100%
und
100%
ab,
67%
aber
67%
auf
67%
bei
67%
bitte
67%
buch
67%
chords
67%
crisis
67%
dann
67%
darum
67%
das
67%
den
67%
der
67%
dich
67%
dir
67%
dir?
67%
drei
67%
ein
67%
einmal
67%
es
67%
finden
67%
fühl
67%
für
67%
gefühlt
67%
geht
67%
glaub,
67%
gott
67%
gottverdammtes
67%
grad
67%
gut
67%
hab
67%
hier
67%
hilfst
67%
hinten
67%
in
67%
interessiert
67%
ist
67%
komm
67%
kommst
67%
lass
67%
los
67%
mach
67%
machst
67%
manchmal
67%
mein
67%
meine,
67%
meinem
67%
mich
67%
midlife
67%
mir
67%
mit
67%
mut
67%
nach
67%
nicht
67%
nichts
67%
nie
67%
noch
67%
nur
67%
oh
67%
passiert
67%
reichen
67%
reize,
67%
schick
67%
schoß?
67%
schreibe
67%
such
67%
suche
67%
verlieren
67%
viel
67%
viele
67%
von
67%
vorne,
67%
Refrain warum
67%
warum?
67%
Strophe 1 was
67%
weiß
67%
weißt,
67%
wo
67%
zu
67%
zwei,
67%
alle
33%
als
33%
also
33%
dabei
33%
die
33%
gibt
33%
herz
33%
herz,
33%
kaum
33%
popstar
33%
reinlassen
33%
reißen
33%
sowas
33%
stricke
33%
um
33%
vergessen,
33%
wenn
33%
will
33%
an
0%
auch
0%
fühlt
0%
könnt
0%
sich
0%
vertrauen,
0%
Keine übereinstimmenden Quizze gefunden
Verteilung der Resultate
Anzahl Personen mit jedem Resultat
Perzentil nach korrekt beantworteten Fragen
Ihre Resultats-Entwicklung
Sie haben dieses Quiz noch nicht gespielt